Encyclopedia Brown, super sleuth / (Record no. 682)

MARC details
000 -LEADER
fixed length control field 01064nam a22002897a 4500
005 - DATE AND TIME OF LATEST TRANSACTION
control field 20231107153410.0
020 ## - INTERNATIONAL STANDARD BOOK NUMBER
International Standard Book Number 9780525421009
040 ## - CATALOGING SOURCE
Original cataloging agency DLC
Transcribing agency DLC
Modifying agency DLC
Language of cataloging eng
050 00 - LIBRARY OF CONGRESS CALL NUMBER
Classification number PZ7.S68524
Item number Ese 2009
082 00 - DEWEY DECIMAL CLASSIFICATION NUMBER
Classification number 813.600
Edition number 22
100 1# - MAIN ENTRY--PERSONAL NAME
Personal name Sobol, Donald J.,
Dates associated with a name 1924-2012.
245 10 - TITLE STATEMENT
Title Encyclopedia Brown, super sleuth /
Statement of responsibility, etc. Donald J. Sobol ; illustrated by James Bernardin.
246 30 - VARYING FORM OF TITLE
Title proper/short title Super sleuth
250 ## - EDITION STATEMENT
Edition statement First Scholastic printing, September 2010
260 ## - PUBLICATION, DISTRIBUTION, ETC.
Place of publication, distribution, etc. New York :
Name of publisher, distributor, etc. Puffin Books,
Date of publication, distribution, etc. 2007
300 ## - PHYSICAL DESCRIPTION
Extent 87 pages :
Other physical details illustrations
Dimensions 20 cm
490 0# - SERIES STATEMENT
Series statement Encyclopedia Brown
505 ## - FORMATTED CONTENTS NOTE
Formatted contents note M <br/>
520 ## - SUMMARY, ETC.
Summary, etc. Idaville's secret weapon against lawbreakers, ten-year-old Leroy "Encyclopedia" Brown, helps the police force solve ten new cases, the solutions to which are found in the back of the book.
521 ## - TARGET AUDIENCE NOTE
Target audience note 630 <br/>
Source Lexile <br/>
521 ## - TARGET AUDIENCE NOTE
Target audience note M <br/>
Source Raz-Plus <br/>
650 #1 - SUBJECT ADDED ENTRY--TOPICAL TERM
Topical term or geographic name entry element Mystery and detective stories.
700 1# - ADDED ENTRY--PERSONAL NAME
Personal name Bernardin, James
Relator term illustrator
906 ## - LOCAL DATA ELEMENT F, LDF (RLIN)
a 7
b cbc
c orignew
d 1
e ecip
f 20
g y-gencatlg
942 ## - ADDED ENTRY ELEMENTS (KOHA)
Source of classification or shelving scheme Dewey Decimal Classification
Koha item type Books
Suppress in OPAC No
999 ## -
-- 682
-- 682
Holdings
Withdrawn status Lost status Source of classification or shelving scheme Damaged status Not for loan Collection Home library Current library Shelving location Date acquired Total Checkouts Full call number Barcode Date last seen Price effective from Koha item type
    Dewey Decimal Classification     Juvenile Fiction Footprints International School Library Network Toul Kork Campus Footprints International School Library Network Toul Kork Campus TK Primary Library Room(4th Floor), Bookcase 3&4, Shelves 17-32, Yellow Books 06/29/2023   SOB 813.600 PZ7.S68524 FISTK00416 06/29/2023 06/29/2023 Books